<?xml version="1.0" encoding="UTF-8"?><record xmlns="http://www.loc.gov/MARC21/slim" xmlns:zs="http://docs.oasis-open.org/ns/search-ws/sruResponse">
  <leader>01144cz  a2200277n  4500</leader>
  <controlfield tag="001">n  79055718 </controlfield>
  <controlfield tag="003">DLC</controlfield>
  <controlfield tag="005">20230909064539.0</controlfield>
  <controlfield tag="008">790702n| azannaabn          |n aaa      </controlfield>
  <datafield ind1=" " ind2=" " tag="010">
    <subfield code="a">n  79055718 </subfield>
  </datafield>
  <datafield ind1=" " ind2=" " tag="035">
    <subfield code="a">(OCoLC)oca00288827</subfield>
  </datafield>
  <datafield ind1=" " ind2=" " tag="040">
    <subfield code="a">DLC</subfield>
    <subfield code="b">eng</subfield>
    <subfield code="e">rda</subfield>
    <subfield code="c">DLC</subfield>
    <subfield code="d">DLC</subfield>
    <subfield code="d">Uk</subfield>
    <subfield code="d">NjP</subfield>
    <subfield code="d">UPB</subfield>
    <subfield code="d">OCoLC</subfield>
  </datafield>
  <datafield ind1=" " ind2=" " tag="046">
    <subfield code="f">1935-05-23</subfield>
    <subfield code="2">edtf</subfield>
  </datafield>
  <datafield ind1=" " ind2="0" tag="053">
    <subfield code="a">PR6053.O63</subfield>
  </datafield>
  <datafield ind1="1" ind2=" " tag="100">
    <subfield code="a">Cooper, Susan,</subfield>
    <subfield code="d">1935-</subfield>
  </datafield>
  <datafield ind1=" " ind2=" " tag="370">
    <subfield code="a">Buckinghamshire, England</subfield>
    <subfield code="e">Marshfield, Mass.</subfield>
  </datafield>
  <datafield ind1=" " ind2=" " tag="371">
    <subfield code="a">PO Box 204</subfield>
    <subfield code="b">Marshfield Hills</subfield>
    <subfield code="c">Mass.</subfield>
    <subfield code="e">02051-0204</subfield>
  </datafield>
  <datafield ind1=" " ind2=" " tag="372">
    <subfield code="a">Writing</subfield>
  </datafield>
  <datafield ind1=" " ind2=" " tag="373">
    <subfield code="a">University of Oxford</subfield>
    <subfield code="2">naf</subfield>
  </datafield>
  <datafield ind1=" " ind2=" " tag="374">
    <subfield code="a">Author</subfield>
    <subfield code="a">Screenwriter</subfield>
    <subfield code="a">Journalist</subfield>
  </datafield>
  <datafield ind1=" " ind2=" " tag="377">
    <subfield code="a">eng</subfield>
  </datafield>
  <datafield ind1=" " ind2=" " tag="670">
    <subfield code="a">Her Over sea, under stone, 1965.</subfield>
  </datafield>
  <datafield ind1=" " ind2=" " tag="670">
    <subfield code="a">BL auth. file, 2nd Nov. 2001</subfield>
    <subfield code="b">(Susan Mary Cooper, born May 23rd 1935)</subfield>
  </datafield>
  <datafield ind1=" " ind2=" " tag="670">
    <subfield code="a">The dark is rising, 1986:</subfield>
    <subfield code="b">t.p. (Susan Cooper) p. 245 (b. in Buckinghamshire, England; lives in Cambridge, Mass.)</subfield>
  </datafield>
  <datafield ind1=" " ind2=" " tag="670">
    <subfield code="a">The lost land of Susan Cooper, via WWW, Oct. 29, 2012</subfield>
    <subfield code="b">(author, journalist, screenwriter; graduate, English, Oxford;  lives in Marshfield, Massachusetts; contact: PO Box 204, Marshfield Hills, MA 02051-0204)</subfield>
  </datafield>
  <datafield ind1=" " ind2=" " tag="678">
    <subfield code="a">b. 1935</subfield>
  </datafield>
</record>
